|
|
|
|
| LEADER |
01214nam a2200253 a 4500 |
| 001 |
GR-MES17269 |
| 008 |
150623s2007 gr g 000 0 gre d |
| 020 |
|
|
|a 9789606759024
|
| 040 |
|
|
|a GrPaTEI
|b gre
|c GR-PaULI
|
| 040 |
|
|
|a GrPaTEI
|b gre
|c GR-PaULI
|
| 082 |
|
0 |
|a 658.4038
|2 22 ed
|
| 100 |
1 |
|
|a Δημητριάδης, Αντώνης
|
| 245 |
1 |
0 |
|a Διοίκηση-Διαχείρηση πληροφοριακών συστημάτων /
|c Αντώνης Δημητριάδης.
|
| 260 |
|
|
|a Αθήνα :
|b Εκδόσεις Νέων Τεχνολογιών,
|c 2007
|
| 300 |
|
|
|a 693 σ. :
|b εικ.
|
| 504 |
|
|
|a βιβλιογραφία: σ.629
|
| 650 |
|
4 |
|a Επιχειρήσεις
|
| 650 |
|
4 |
|a Τεχνολογία πληροφοριών
|x Διοίκηση και οργάνωση
|
| 650 |
1 |
0 |
|a πληροφοριακά συστήματα διοίκησης
|
| 710 |
0 |
|
|a Εκδόσεις Νέων Τεχνολογιών
|
| 942 |
|
|
|2 ddc
|
| 952 |
|
|
|0 0
|1 0
|2 ddc
|4 0
|6 658_403800000000000_ΔΗΜ
|7 0
|9 275358
|a MSLG
|b MSLG
|c BSC
|d 2021-01-17
|e 24
|f 0
|g 0.00
|l 0
|o 658.4038 ΔΗΜ
|p 2420000024953
|r 2021-01-17 00:00:00
|t 1
|w 2021-01-17
|y BK15
|x 20150623 0 Κ.Γ. 1
|x GrPaTEI
|
| 971 |
|
|
|a .b25833182
|b 01-10-20
|c 13-09-16
|
| 999 |
|
|
|c 159542
|d 159542
|